<?xml version="1.0" encoding="UTF-8"?>
<record
    xmlns:xsi="http://www.w3.org/2001/XMLSchema-instance"
    xsi:schemaLocation="http://www.loc.gov/MARC21/slim http://www.loc.gov/standards/marcxml/schema/MARC21slim.xsd"
    xmlns="http://www.loc.gov/MARC21/slim">

  <leader>00359nam a2200145Ia 4500</leader>
  <controlfield tag="008">221220s9999    xx            000 0 und d</controlfield>
  <datafield tag="020" ind1=" " ind2=" ">
    <subfield code="a">978-93-90644-24-7</subfield>
  </datafield>
  <datafield tag="041" ind1=" " ind2=" ">
    <subfield code="a">English</subfield>
  </datafield>
  <datafield tag="100" ind1=" " ind2=" ">
    <subfield code="a">Bare Act</subfield>
  </datafield>
  <datafield tag="245" ind1=" " ind2="4">
    <subfield code="a">The Constitution of India</subfield>
    <subfield code="c">by Bare Act</subfield>
  </datafield>
  <datafield tag="260" ind1=" " ind2=" ">
    <subfield code="b">L &amp; J Pub.</subfield>
    <subfield code="a">Delhi</subfield>
    <subfield code="c">2022</subfield>
  </datafield>
  <datafield tag="300" ind1=" " ind2=" ">
    <subfield code="a">384</subfield>
  </datafield>
  <datafield tag="650" ind1=" " ind2=" ">
    <subfield code="a">Constitution</subfield>
  </datafield>
  <datafield tag="942" ind1=" " ind2=" ">
    <subfield code="2">DDC</subfield>
    <subfield code="c">BK</subfield>
  </datafield>
  <datafield tag="999" ind1=" " ind2=" ">
    <subfield code="c">19393</subfield>
    <subfield code="d">19393</subfield>
  </datafield>
  <datafield tag="952" ind1=" " ind2=" ">
    <subfield code="p">LLB 352</subfield>
    <subfield code="g">325.00</subfield>
    <subfield code="i">81</subfield>
    <subfield code="l">0</subfield>
    <subfield code="e">ABD, Jammu</subfield>
    <subfield code="r">2024-04-16 00:00:00</subfield>
    <subfield code="w">2022-12-20</subfield>
    <subfield code="y">BK</subfield>
    <subfield code="0">0</subfield>
    <subfield code="3">Print</subfield>
    <subfield code="4">0</subfield>
    <subfield code="7">1</subfield>
    <subfield code="a">MIETLIB</subfield>
    <subfield code="b">MIETLIB</subfield>
    <subfield code="c">180/2</subfield>
    <subfield code="d">0000-00-00</subfield>
    <subfield code="1">0</subfield>
    <subfield code="H">BBA LLB</subfield>
  </datafield>
  <datafield tag="952" ind1=" " ind2=" ">
    <subfield code="p">LLB 353</subfield>
    <subfield code="g">325.00</subfield>
    <subfield code="i">81</subfield>
    <subfield code="l">18</subfield>
    <subfield code="e">ABD, Jammu</subfield>
    <subfield code="r">2026-04-10 16:02:21</subfield>
    <subfield code="s">2026-04-10</subfield>
    <subfield code="w">2022-12-20</subfield>
    <subfield code="y">BK</subfield>
    <subfield code="0">0</subfield>
    <subfield code="3">Print</subfield>
    <subfield code="4">0</subfield>
    <subfield code="7">0</subfield>
    <subfield code="a">MIETLIB</subfield>
    <subfield code="b">MIETLIB</subfield>
    <subfield code="c">179/4</subfield>
    <subfield code="d">0000-00-00</subfield>
    <subfield code="1">0</subfield>
    <subfield code="H">BBA LLB</subfield>
  </datafield>
  <datafield tag="952" ind1=" " ind2=" ">
    <subfield code="p">LLB 354</subfield>
    <subfield code="g">325.00</subfield>
    <subfield code="i">81</subfield>
    <subfield code="l">24</subfield>
    <subfield code="e">ABD, Jammu</subfield>
    <subfield code="r">2026-04-13 13:15:08</subfield>
    <subfield code="s">2026-04-10</subfield>
    <subfield code="w">2022-12-20</subfield>
    <subfield code="y">BK</subfield>
    <subfield code="0">0</subfield>
    <subfield code="3">Print</subfield>
    <subfield code="4">0</subfield>
    <subfield code="7">0</subfield>
    <subfield code="a">MIETLIB</subfield>
    <subfield code="b">MIETLIB</subfield>
    <subfield code="c">179/4</subfield>
    <subfield code="d">0000-00-00</subfield>
    <subfield code="1">0</subfield>
    <subfield code="H">BBA LLB</subfield>
  </datafield>
  <datafield tag="952" ind1=" " ind2=" ">
    <subfield code="p">LLB 355</subfield>
    <subfield code="g">325.00</subfield>
    <subfield code="i">81</subfield>
    <subfield code="l">20</subfield>
    <subfield code="e">ABD, Jammu</subfield>
    <subfield code="r">2026-04-10 16:01:03</subfield>
    <subfield code="s">2026-04-10</subfield>
    <subfield code="w">2022-12-20</subfield>
    <subfield code="y">BK</subfield>
    <subfield code="0">0</subfield>
    <subfield code="3">Print</subfield>
    <subfield code="4">0</subfield>
    <subfield code="7">0</subfield>
    <subfield code="a">MIETLIB</subfield>
    <subfield code="b">MIETLIB</subfield>
    <subfield code="c">179/4</subfield>
    <subfield code="d">0000-00-00</subfield>
    <subfield code="1">0</subfield>
    <subfield code="H">BBA LLB</subfield>
  </datafield>
</record>
